<?xml version="1.0" encoding="UTF-8"?>
<record
    xmlns:xsi="http://www.w3.org/2001/XMLSchema-instance"
    xsi:schemaLocation="http://www.loc.gov/MARC21/slim http://www.loc.gov/standards/marcxml/schema/MARC21slim.xsd"
    xmlns="http://www.loc.gov/MARC21/slim">

  <leader>02045Cam#a2200385#a#4500</leader>
  <controlfield tag="003">AR-BeUNQ</controlfield>
  <controlfield tag="005">20251201193802.0</controlfield>
  <controlfield tag="008">251201s2015    ag ado j f    000 0 spa d</controlfield>
  <datafield tag="020" ind1=" " ind2=" ">
    <subfield code="a">978950131360</subfield>
  </datafield>
  <datafield tag="040" ind1=" " ind2=" ">
    <subfield code="a">AR-BeUNQ</subfield>
    <subfield code="b">spa</subfield>
    <subfield code="e">aacr</subfield>
    <subfield code="c">AR-BeUNQ</subfield>
  </datafield>
  <datafield tag="082" ind1="0" ind2="4">
    <subfield code="a">507</subfield>
    <subfield code="2">21</subfield>
  </datafield>
  <datafield tag="245" ind1="0" ind2="0">
    <subfield code="a">Ciencias naturales /</subfield>
    <subfield code="c">Patricia Alberico... [et al.]</subfield>
  </datafield>
  <datafield tag="260" ind1=" " ind2=" ">
    <subfield code="a">San Isidro : </subfield>
    <subfield code="b">Estrada, </subfield>
    <subfield code="c">c2021.</subfield>
  </datafield>
  <datafield tag="300" ind1=" " ind2=" ">
    <subfield code="a">256 p. : </subfield>
    <subfield code="b">il., fot., tablas, gr&#xE1;ficos ; </subfield>
    <subfield code="c">28 cm.</subfield>
  </datafield>
  <datafield tag="490" ind1="1" ind2=" ">
    <subfield code="a">Fundamentales</subfield>
  </datafield>
  <datafield tag="505" ind1="0" ind2=" ">
    <subfield code="a">cap. 1. La materia y sus propiedades -- cap. 2. Las mezclas -- cap. 3. El agua -- cap. 4. La energ&#xED;a -- cap. 5. Los intercambios de energ&#xED;a -- cap. 6. Fuerzas y movimientos -- cap. 7. El sistema solar -- cap. 8. La tierra y sus recursos -- cap. 9. Los seres vivos -- cap. 10. Los seres vivos aut&#xF3;trofos -- cap. 11. Los seres vivos heter&#xF3;trofos -- cap. 12. Los ecosistemas -- cap. 13. El organismo humano -- cap. 14. El sistema genital humano y la funci&#xF3;n de reproducci&#xF3;n -- cap. 15. La alimentaci&#xF3;n y la salud.</subfield>
  </datafield>
  <datafield tag="650" ind1=" " ind2="7">
    <subfield code="a">Ciencias f&#xED;sicas y naturales</subfield>
    <subfield code="2">spines</subfield>
  </datafield>
  <datafield tag="650" ind1=" " ind2="7">
    <subfield code="a">Qu&#xED;mica</subfield>
    <subfield code="2">spines</subfield>
  </datafield>
  <datafield tag="650" ind1=" " ind2="7">
    <subfield code="a">F&#xED;sica</subfield>
    <subfield code="2">spines</subfield>
  </datafield>
  <datafield tag="650" ind1=" " ind2="7">
    <subfield code="a">Astronom&#xED;a</subfield>
    <subfield code="2">spines</subfield>
  </datafield>
  <datafield tag="650" ind1=" " ind2="7">
    <subfield code="a">Biolog&#xED;a</subfield>
    <subfield code="2">spines</subfield>
  </datafield>
  <datafield tag="650" ind1=" " ind2="7">
    <subfield code="a">Fisiolog&#xED;a</subfield>
    <subfield code="2">spines</subfield>
  </datafield>
  <datafield tag="650" ind1=" " ind2="7">
    <subfield code="a">Ense&#xF1;anza media</subfield>
    <subfield code="2">spines</subfield>
  </datafield>
  <datafield tag="650" ind1=" " ind2="7">
    <subfield code="a">Manuales</subfield>
    <subfield code="2">spines</subfield>
  </datafield>
  <datafield tag="700" ind1="1" ind2=" ">
    <subfield code="a">Alberico, Patricia, </subfield>
    <subfield code="e">autora</subfield>
    <subfield code="4">aut</subfield>
  </datafield>
  <datafield tag="700" ind1="1" ind2=" ">
    <subfield code="a">Gellon, Gabriel, </subfield>
    <subfield code="e">colaborador</subfield>
    <subfield code="4">oth</subfield>
  </datafield>
  <datafield tag="700" ind1="1" ind2=" ">
    <subfield code="a">Golombek, Diego, </subfield>
    <subfield code="e">colaborador</subfield>
    <subfield code="4">oth</subfield>
  </datafield>
  <datafield tag="830" ind1=" " ind2="0">
    <subfield code="a">Fundamentales (Estrada).</subfield>
  </datafield>
  <datafield tag="929" ind1=" " ind2=" ">
    <subfield code="a">COMPRA</subfield>
    <subfield code="b">Marcos Buchin</subfield>
    <subfield code="c">Compra 2025 Exp. 827-1393/2025</subfield>
    <subfield code="d">29900</subfield>
    <subfield code="e">2025</subfield>
    <subfield code="f">PAT0084529</subfield>
    <subfield code="j">63649</subfield>
    <subfield code="h">1</subfield>
  </datafield>
  <datafield tag="929" ind1=" " ind2=" ">
    <subfield code="a">COMPRA</subfield>
    <subfield code="b">Marcos Buchin</subfield>
    <subfield code="c">Compra 2025 Exp. 827-1393/2025</subfield>
    <subfield code="d">29900</subfield>
    <subfield code="e">2025</subfield>
    <subfield code="f">PAT0084530</subfield>
    <subfield code="j">63650</subfield>
    <subfield code="h">2</subfield>
  </datafield>
  <datafield tag="929" ind1=" " ind2=" ">
    <subfield code="a">COMPRA</subfield>
    <subfield code="b">Marcos Buchin</subfield>
    <subfield code="c">Compra 2025 Exp. 827-1393/2025</subfield>
    <subfield code="d">29900</subfield>
    <subfield code="e">2025</subfield>
    <subfield code="f">PAT0084531</subfield>
    <subfield code="j">63651</subfield>
    <subfield code="h">3</subfield>
  </datafield>
  <datafield tag="929" ind1=" " ind2=" ">
    <subfield code="a">COMPRA</subfield>
    <subfield code="b">Marcos Buchin</subfield>
    <subfield code="c">Compra 2025 Exp. 827-1393/2025</subfield>
    <subfield code="d">29900</subfield>
    <subfield code="e">2025</subfield>
    <subfield code="f">PAT0084532</subfield>
    <subfield code="j">63652</subfield>
    <subfield code="h">4</subfield>
  </datafield>
  <datafield tag="929" ind1=" " ind2=" ">
    <subfield code="a">COMPRA</subfield>
    <subfield code="b">Marcos Buchin</subfield>
    <subfield code="c">Compra 2025 Exp. 827-1393/2025</subfield>
    <subfield code="d">29900</subfield>
    <subfield code="e">2025</subfield>
    <subfield code="f">PAT0084533</subfield>
    <subfield code="j">63653</subfield>
    <subfield code="h">5</subfield>
  </datafield>
  <datafield tag="942" ind1=" " ind2=" ">
    <subfield code="c">LIB</subfield>
    <subfield code="n">0</subfield>
  </datafield>
  <datafield tag="999" ind1=" " ind2=" ">
    <subfield code="c">1430</subfield>
    <subfield code="d">1430</subfield>
  </datafield>
  <datafield tag="952" ind1=" " ind2=" ">
    <subfield code="0">0</subfield>
    <subfield code="1">0</subfield>
    <subfield code="a">BIBESET</subfield>
    <subfield code="b">BIBESET</subfield>
    <subfield code="c">circulacion</subfield>
    <subfield code="d">2025-12-01</subfield>
    <subfield code="l">0</subfield>
    <subfield code="o">507 CIE</subfield>
    <subfield code="p">63649</subfield>
    <subfield code="r">2025-12-01</subfield>
    <subfield code="t">1</subfield>
    <subfield code="w">2025-12-01</subfield>
    <subfield code="y">LIB</subfield>
  </datafield>
  <datafield tag="952" ind1=" " ind2=" ">
    <subfield code="0">0</subfield>
    <subfield code="1">0</subfield>
    <subfield code="a">BIBESET</subfield>
    <subfield code="b">BIBESET</subfield>
    <subfield code="c">circulacion</subfield>
    <subfield code="d">2025-12-01</subfield>
    <subfield code="l">0</subfield>
    <subfield code="o">507 CIE</subfield>
    <subfield code="p">63650</subfield>
    <subfield code="r">2025-12-01</subfield>
    <subfield code="t">2</subfield>
    <subfield code="w">2025-12-01</subfield>
    <subfield code="y">LIB</subfield>
  </datafield>
  <datafield tag="952" ind1=" " ind2=" ">
    <subfield code="0">0</subfield>
    <subfield code="1">0</subfield>
    <subfield code="a">BIBESET</subfield>
    <subfield code="b">BIBESET</subfield>
    <subfield code="c">circulacion</subfield>
    <subfield code="d">2025-12-01</subfield>
    <subfield code="l">0</subfield>
    <subfield code="o">507 CIE</subfield>
    <subfield code="p">63651</subfield>
    <subfield code="r">2025-12-01</subfield>
    <subfield code="t">3</subfield>
    <subfield code="w">2025-12-01</subfield>
    <subfield code="y">LIB</subfield>
  </datafield>
  <datafield tag="952" ind1=" " ind2=" ">
    <subfield code="0">0</subfield>
    <subfield code="1">0</subfield>
    <subfield code="a">BIBESET</subfield>
    <subfield code="b">BIBESET</subfield>
    <subfield code="c">circulacion</subfield>
    <subfield code="d">2025-12-01</subfield>
    <subfield code="l">0</subfield>
    <subfield code="o">507 CIE</subfield>
    <subfield code="p">63652</subfield>
    <subfield code="r">2025-12-01</subfield>
    <subfield code="t">4</subfield>
    <subfield code="w">2025-12-01</subfield>
    <subfield code="y">LIB</subfield>
  </datafield>
  <datafield tag="952" ind1=" " ind2=" ">
    <subfield code="0">0</subfield>
    <subfield code="1">0</subfield>
    <subfield code="a">BIBESET</subfield>
    <subfield code="b">BIBESET</subfield>
    <subfield code="c">circulacion</subfield>
    <subfield code="d">2025-12-01</subfield>
    <subfield code="l">0</subfield>
    <subfield code="o">507 CIE</subfield>
    <subfield code="p">63653</subfield>
    <subfield code="r">2025-12-01</subfield>
    <subfield code="t">5</subfield>
    <subfield code="w">2025-12-01</subfield>
    <subfield code="y">LIB</subfield>
  </datafield>
</record>
